000 00689nam a2200205 4500
008 170420b xxu||||| |||| 00| 0 eng d
020 _a0-7879-0030-3
082 _21995
_aDC 158.7
_bV96
100 _919932
_aVroom, Victor Harold
_d1932-
245 _aWork and motivation /
_cVictor H. Vroom.
250 _a1st ed.
260 _aSan Francisco :
_bJossey-Bass Publishers,
_cc1995.
300 _axxix, 397 pages ;
_c23 cm.
440 _919933
_aThe Jossey-Bass management series
500 _aIncludes bibliographical references and index.
650 0 _919934
_aPsychology, Industrial.
650 0 _919935
_aWork -- Psychological aspects.
365 _b1,275.00
_cPhp
942 _2ddc
_cDC
999 _c6584
_d6584